MARC

LEADER 00000nam0a2200000 4500
001 42602
005 20231101210748.0
035 |a (RuTPU)RU\TPU\book\43937 
090 |a 42602 
100 |a 20020912d2002 m y0rusy50 ca 
101 0 |a rus 
102 |a RU 
105 |a a j 001zy 
200 1 |a Концепции современного естествознания  |e учебное пособие  |f В. А. Стародубцев  |g Томский политехнический университет. Институт дистанционного образования 
205 |a 2-е изд., доп. 
210 |a Томск  |c Изд-во ТПУ  |d 2002 
215 |a 183 с.  |c ил. 
320 |a Библиогр.: с. 180-181. 
452 1 |0 (RuTPU)RU\TPU\book\41795  |t Концепции современного естествознания  |o Учебное пособие  |f В. А. Стародубцев  |g Томский политехнический университет; науч. ред. В. Ф. Пичугин  |c Томск  |d 2002  |a Стародубцев, Вячеслав Алексеевич 
606 |a Естествознание  |x Концептуальные основы  |2 stltpush  |3 (RuTPU)RU\TPU\subj\67376  |9 83201 
610 1 |a современное естествознание 
610 1 |a концепции 
610 1 |a пространство 
610 1 |a время 
610 1 |a частицы 
610 1 |a электромагнитные поля 
610 1 |a Вселенная 
610 1 |a эволюция 
610 1 |a галактики 
610 1 |a закон Хаббла 
610 1 |a космические циклы 
610 1 |a звезды 
610 1 |a жизнь 
610 1 |a биологическая информация 
610 1 |a обмен веществ 
610 1 |a биосфера 
610 1 |a концепция Ламарка 
610 1 |a концепция Дарвина 
610 1 |a популяции 
610 1 |a биоценоз 
610 1 |a хаос 
610 1 |a население 
610 1 |a численность 
610 1 |a эволюционизм 
610 1 |a коэволюция 
610 1 |a учебные пособия 
610 1 |a труды учёных ТПУ 
675 |a 50(075.8)  |v 3 
700 1 |a Стародубцев  |b В. А.  |c физик  |c профессор Томского политехнического университета, доктор педагогических наук  |f 1943-  |g Вячеслав Алексеевич  |2 stltpush  |3 (RuTPU)RU\TPU\pers\26939 
712 0 2 |a Томский политехнический университет (ТПУ)  |b Институт дистанционного образования (ИДО)  |2 stltpush  |3 (RuTPU)RU\TPU\col\12625 
801 1 |a RU  |b 63413507  |c 20020912  |g PSBO 
801 2 |a RU  |b 63413507  |c 20211229  |g PSBO 
942 |c BK